|
|
|
|
| LEADER |
00792nam a2200217 a 4500 |
| 001 |
26975 |
| 008 |
130513s1962 nyua b 001 0 eng d |
| 010 |
|
|
|a 62013813
|
| 040 |
|
|
|a DLC
|c ODaWU
|d DNAL
|d Uk
|d OCoLC
|d DLC
|d BD-DhAAL
|
| 082 |
0 |
0 |
|a 621.4
|2 20
|
| 100 |
1 |
|
|a Harr, Milton Edward,
|d 1925-
|
| 245 |
1 |
0 |
|a Groundwater and seepage /
|c M.E. Harr.
|
| 260 |
|
|
|a New York :
|b McGraw-Hill,
|c c1962.
|
| 300 |
|
|
|a xv, 315 p. :
|b ill. ;
|c 24 cm.
|
| 504 |
|
|
|a Includes bibliography (p. 301-307) and index.
|
| 541 |
1 |
|
|e 26975
|
| 650 |
|
0 |
|a Groundwater flow.
|
| 650 |
|
0 |
|a Seepage.
|
| 852 |
1 |
|
|a Ayesha Abed Library
|j General Shelf.
|
| 999 |
|
|
|c 13448
|d 13448
|
| 952 |
|
|
|0 0
|1 0
|2 ddc
|4 0
|6 621_400000000000000_HAR
|7 0
|9 22391
|a BRACUL
|b BRACUL
|c GEN
|d 2013-05-19
|e VC of BRACU
|l 0
|o 621.4 HAR
|p 3010026975
|r 2013-05-19
|t 1
|w 2013-05-19
|y BK
|